LEADER 01771nam0 2200397 i 450 001 SUN0019382 005 20160509110319.995 010 $a05-213-0419-9 100 $a20040709d1995 |0engc50 ba 101 $aeng 102 $aGB 105 $a|||| ||||| 200 1 $aAlgae$ean introduction to phycology$fC. van den Hoek, D. G. Mann, H. M. Jahns 210 $aCambridge$cCambridge university$d1995 215 $aXIV, 623 p.$d26 cm. 500 1$3SUN0078111$aAlgen. English$91400323 620 $dCambridge$3SUNL000024 676 $a579.8$cAlghe$v22 700 1$aHoek$b, Christiaan van den$3SUNV015544$063970 701 1$aJahns$b, Hans M.$3SUNV015547$0729230 701 1$aMann$b, David G.$3SUNV015548$065420 712 $aCambridge university$3SUNV000097$4650 790 1$aVan den Hoek, C.$zHoek, Christiaan van den$3SUNV015545 790 1$aDen Hoek, C. van$zHoek, Christiaan van den$3SUNV015546 790 1$aVan den Hoek, Christiaan$zHoek, Christiaan van den$3SUNV064107 790 1$aJahns, Hans Martin$zJahns, Hans M.$3SUNV062479 790 1$aJahns, H.M.$zJahns, Hans M.$3SUNV062480 790 1$aJahns, H. M.$zJahns, Hans M.$3SUNV062481 790 1$aMann, D. G.$zMann, David G.$3SUNV050893 790 1$aMann, D.G.$zMann, David G.$3SUNV062482 801 $aIT$bSOL$c20181109$gRICA 912 $aSUN0019382 950 $aUFFICIO DI BIBLIOTECA DEL DIPARTIMENTO DI SCIENZE E TECNOLOGIE AMBIENTALI BIOLOGICHE E FARMACEUTICHE$d17 CONS Jb4 $e17 FSA467 995 $aUFFICIO DI BIBLIOTECA DEL DIPARTIMENTO DI SCIENZE E TECNOLOGIE AMBIENTALI BIOLOGICHE E FARMACEUTICHE$bIT-CE0101$gFSA$h467$kCONS Jb4$oc$qa 996 $aAlgen. English$91400323 997 $aUNICAMPANIA LEADER 02588nas 2200469 n 450 001 990008921930403321 005 20240229084444.0 011 $a1593-6783 035 $a000892193 035 $aFED01000892193 035 $a(Aleph)000892193FED01 035 $a000892193 091 $2CNR$aP 00230375 100 $a20090724b19091919km-y0itaa50------ba 101 0 $aita 102 $aIT 110 $aauu-------- 200 1 $aBollettino del Ministero di Agricoltura, Industria e Commercio. Serie B: Atti e notizie per l'agricoltura, l'industria e il commercio. Parte ufficiale 207 1$a1909-1919 210 $aRoma$c[s.n.] 441 0$1001000892194$12001$aBollettino del Ministero di Agricoltura, Industria e Commercio. Serie B: Parte non ufficiale 443 0$1001000892556$12001$aBollettino ufficiale. Ministero di Agricoltura, Industria e Commercio 530 0 $aBollettino del Ministero di Agricoltura, Industria e Commercio. Serie B: Atti e notizie per l'agricoltura, l'industria e il commercio. Parte ufficiale 675 $a63 675 $a67 675 $a68 675 $a339 712 02$aItalia.$bMinistero di agricoltura, industria e commercio 801 0$aIT$bACNP$c20090723 859 4 $uhttp://acnp.cib.unibo.it/cgi-ser/start/it/cnr/dc-p1.tcl?catno=1095821&person=false&language=ITALIANO&libr=&libr_th=unina1$zBiblioteche che possiedono il periodico 901 $aSE 912 $a990008921930403321 958 $aBiblioteca Centralizzata. Facoltà di Agraria dell'Università Federico II di Napoli$b1909-1919.$fFAGBC 958 $aBiblioteca Centrale "F. Gasparini". Facoltà di Ingegneria. Università degli Studi di Napoli "Federico II"$b1913;$edIIe4$fFINBC FINAG 959 $aFAGBC 959 $aFINBC 959 $aFINAG 996 $aBollettino del Ministero di Agricoltura, Industria e Commercio. Serie B: Atti e notizie per l'agricoltura, l'industria e il commercio. Parte ufficiale$9799072 997 $aUNINA AP1 8 $6866-01$aNA087 Biblioteca Centralizzata. Facoltà di Agraria dell'Università Federico II di Napoli$ev. Università, 100 Palazzo Reale, 80055 Portici (NA)$m081-2539322$m081-7760229$nit AP1 8 $6866-02$aNA104 Biblioteca Centrale "F. Gasparini". Facoltà di Ingegneria. Università degli Studi di Napoli "Federico II"$bdIIe4$ep.le Tecchio,80, 80125 Napoli (NA)$m0817682190;0817682195$m0817682188$nit AP2 40$aacnp.cib.unibo.it$nACNP Italian Union Catalogue of Serials$uhttp://acnp.cib.unibo.it/cgi-ser/start/it/cnr/df-p.tcl?catno=1095821&language=ITALIANO&libr=&person=&B=1&libr_th=unina&proposto=NO